|
|
|
|
| LEADER |
00000nbm0a2200000 4500 |
| 001 |
325967 |
| 005 |
20231102003820.0 |
| 035 |
|
|
|a (RuTPU)RU\TPU\book\351583
|
| 090 |
|
|
|a 325967
|
| 100 |
|
|
|a 20161215d1961 k y0rusy50 ca
|
| 101 |
0 |
|
|a rus
|
| 102 |
|
|
|a RU
|
| 105 |
|
|
|a a m 001zy
|
| 200 |
1 |
|
|a Эффективность и условия применения засыпки провалов и закладки выработанного пространства с поверхности при щитовой системе разработки в Кузбассе
|e диссертация на соискание ученой степени кандидата технических наук
|f Г. Е. Посохов
|g Томский политехнический институт (ТПИ)
|
| 210 |
|
|
|a Томск
|c [Б. и.]
|d 1961
|
| 215 |
|
|
|a 250 л.
|c ил.
|
| 320 |
|
|
|a Библиогр.: с. 225-246 (209 назв.)
|
| 606 |
1 |
|
|a Угольные месторождения
|x Системы разработки
|x Закладка выработанного пространства
|2 stltpush
|3 (RuTPU)RU\TPU\subj\62705
|9 79773
|
| 610 |
1 |
|
|a провалы
|
| 610 |
1 |
|
|a земная поверхность
|
| 610 |
1 |
|
|a засыпки
|
| 610 |
1 |
|
|a опытные работы
|
| 610 |
1 |
|
|a щиты
|
| 610 |
1 |
|
|a параметры
|
| 610 |
1 |
|
|a определение
|
| 610 |
1 |
|
|a разработка
|
| 610 |
1 |
|
|a щитовая система
|
| 610 |
1 |
|
|a выработанное пространство
|
| 610 |
1 |
|
|a породы
|
| 610 |
1 |
|
|a перепуск
|
| 610 |
1 |
|
|a лабораторные исследования
|
| 610 |
1 |
|
|a закладочные материалы
|
| 610 |
1 |
|
|a диссертации
|
| 610 |
1 |
|
|a труды учёных ТПУ
|
| 675 |
|
|
|a 622.33:622.273(04)
|v 4
|
| 700 |
|
1 |
|a Посохов
|b Г. Е.
|c горный инженер
|c выпускник ГФ Томского политехнического института (1953)
|f 1929-2010
|g Григорий Егорович
|2 stltpush
|3 (RuTPU)RU\TPU\pers\29213
|
| 712 |
0 |
2 |
|a Томский политехнический институт (ТПИ)
|c (1944-1991)
|2 stltpush
|3 (RuTPU)RU\TPU\col\1123
|
| 801 |
|
1 |
|a RU
|b 63413507
|c 20161215
|
| 801 |
|
2 |
|a RU
|b 63413507
|c 20181213
|g RCR
|
| 942 |
|
|
|c BK
|